Autot ilman logoa - Statistics

Yleistilastot
  • Tätä visaa on pelattu 438 kertaa
  • Keskiarvotulos 10 / 12
Vastaustilastot
Kuvavisa Vastaus % Oikein
BMW X3
99%
Volvo S40
92%
Tesla Model Y
89%
Mercedes-Benz 190
88%
Mercedes Benz C320
88%
Audi A3
87%
Skoda Fabia
87%
Volkswagen Passat
86%
Toyota Avensis
85%
Toyota Yaris
84%
Ford Mondeo
79%
Volkswagen Bora
78%
Ehtoja vastaavia visoja ei löytynyt
Tulosjakauma
Jokaisen tuloksen saaneiden osuus
Persentiili vastausten määrän mukaan
Tuloshistoriasi
Et ole pelannut tätä visaa